| 000 | 00750nam a22002292 4500 | ||
|---|---|---|---|
| 001 | 0000020461 | ||
| 005 | 20151217152215.0 | ||
| 008 | 110919s xx 000 0 eng d | ||
| 020 | _a0761925422 : | ||
| 040 |
_aKABU _cKABU |
||
| 100 | 1 |
_aKvale, Steinar. _@0000180730 |
|
| 245 | 1 | 0 |
_aInterviews : _blearning the craft of qualitative research interviewing / _cSteinar Kvale, Svend Brinkmann. |
| 250 | _a2nd ed. | ||
| 260 |
_aLondon : _bSAGE, _c2009. |
||
| 300 | _axviii, 354 p. | ||
| 650 | 0 |
_aInterviewing in sociology. _@0000180731 |
|
| 650 | 0 |
_aSociology _xResearch _xMethodology. _@0000152752 |
|
| 700 | 1 |
_aBrinkmann, Svend. _@0000180732 |
|
| 852 | 1 | _9p4764.70 KES | |
| 908 | _a110919 | ||
| 950 | _@1 | ||
| 999 |
_c9344 _d9344 |
||